000 00428nam a2200145Ia 4500
008 230917s9999||||xx |||||||||||||| ||und||
040 _e228999
_aMAIN
041 _aEnglish
082 _a891.432751 NA168B
100 _aनरेन्द्र
245 0 _aभ्रष्टाचार
260 _aनई दिल्ली
_bअनुराधा प्रकाशन
_c2014
300 _a112 पृ. p.
942 _cHN
999 _c134939
_d134939